000 00526nam a2200181Ia 4500
001 61056
008 080101n ii |||gr||||Z||||||465
020 _a0-14-013136-1
082 _a501
100 _aPondstone, William,
_eAuthor.,
245 0 _aLabyrinths of reason :
_bParadox, Puzzles and the frailty of knowledge /
_cby William Pondstone .
_hTextual Documents
260 _aUSA
_bPenguin Books Ltd
300 _a274p:
_c21cm.
653 _aPhilosophy
653 _aLabyrinths
653 _aG-Philosophy
942 _2ddc
_cBK
999 _c62172
_d62172